000 00950nam a2200265 i 4500
001 94086
003 ES-MaACL
005 20230906181406.0
007 t|
008 050617s2003 sp ||||1| spa d
020 _a84-95486-74-1
080 _a342.727
080 _a316.77(460)(060.64)
245 0 0 _aLibert@despresión.es :
_b25 aniversario de la Constitución española : [exposición].
260 _a[Madrid] :
_bSociedad Estatal de Conmemoraciones Culturales,
_c[2003]
300 _a405 p. :
_bil. col. y n. ;
_c26 cm.
610 1 4 _aEspaña.
_tConstitución, 1978.
_93657
650 4 _aLibertad de expresión-
_zEspaña.
_914406
650 4 _aMedios de comunicación social-
_zEspaña-
_vExposiciones.
_914972
655 7 _2tgfbne
_9193628
_aCatálogos de exposiciones
710 2 _aSociedad Estatal de Conmemoraciones Culturales (España)
_9134893
852 4 _aES-MaACL
_jL-29170
942 _2udc
999 _c94086
_d94086